[Event "Tromsoesjakken op"]
[Site "Tromsoe"]
[Date "2007.11.16"]
[Round "2"]
[White "Fjellheim, Marius"]
[Black "Tveiten, David"]
[Result "1-0"]
[WhiteElo "1425"]
[BlackElo "955"]
[PlyCount "99"]
[EventDate "2007.11.16"]
[EventType "swiss"]
[EventRounds "5"]
[EventCountry "NOR"]
[SourceTitle "EXT 2010"]
[Source "ChessBase"]
[SourceDate "2010.11.25"]
[SourceVersion "1"]
[SourceVersionDate "2010.11.25"]
[SourceQuality "1"]

1. d4 d5 2. c4 e6 3. Nc3 Nf6 4. cxd5 exd5 5. Bg5 Be7 6. e3 Bf5 7. Qb3 Bc8 8. Bxf6 Bxf6 9. Qxd5 0-0 10. Qxd8 Rxd8 11. Nf3 Bf5 12. Be2 a6 13. 0-0 Nc6 14. Rac1 Rac8 15. h3 Nb4 16. a3 Nd5 17. Nxd5 Rxd5 18. b4 h6 19. Rc3 c6 20. Rfc1 Kf8 21. a4 Rdd8 22. b5 cxb5 23. axb5 axb5 24. Rxc8 Rxc8 25. Rxc8+ Bxc8 26. Bxb5 Ke7 27. Kf1 Kd6 28. Ke2 Kd5 29. Nd2 Be7 30. Bc4+ Kd6 31. Bxf7 Be6 32. Bxe6 Kxe6 33. Kd3 Kd5 34. e4+ Ke6 35. g3 b5 36. d5+ Ke5 37. f4+ Kf6 38. e5+ Kf7 39. d6 Bd8 40. Ke4 Ba5 41. Nb3 Be1 42. g4 Bh4 43. Kd5 b4 44. f5 Ke8 45. e6 Bd8 46. Kc5 Bh4 47. Kxb4 Kd8 48. Kc5 Bg5 49. Kc6 Kc8 50. e7 1-0

[Event "Tromsoesjakken op"]
[Site "Tromsoe"]
[Date "2007.11.16"]
[Round "3"]
[White "Jakobsen, Alf Gjoran"]
[Black "Tveiten, David"]
[Result "1-0"]
[WhiteElo "1147"]
[BlackElo "955"]
[PlyCount "91"]
[EventDate "2007.11.16"]
[EventType "swiss"]
[EventRounds "5"]
[EventCountry "NOR"]
[SourceTitle "EXT 2010"]
[Source "ChessBase"]
[SourceDate "2010.11.25"]
[SourceVersion "1"]
[SourceVersionDate "2010.11.25"]
[SourceQuality "1"]

1. e4 c5 2. Nf3 d6 3. d4 cxd4 4. Nxd4 e6 5. Nc3 Be7 6. Be3 Nf6 7. Bb5+ Bd7 8. Bxd7+ Nbxd7 9. 0-0 a6 10. f4 0-0 11. f5 Rc8 12. fxe6 fxe6 13. Nxe6 Qa5 14. Nxf8 Rxf8 15. Nd5 Nxd5 16. Qxd5+ Qxd5 17. exd5 Nf6 18. Bg5 Nxd5 19. Bxe7 Nxe7 20. Rxf8+ Kxf8 21. c4 Nc6 22. Kf2 Ke7 23. Ke3 Ke6 24. Rd1 b6 25. a3 a5 26. Rd5 g6 27. Rb5 Ne5 28. Kd4 Nd7 29. Kc3 Ke7 30. b4 axb4+ 31. Kxb4 Kd8 32. Rd5 Kc7 33. Kb5 Nf6 34. Rd1 Nd7 35. Re1 Ne5 36. c5 bxc5 37. Rxe5 dxe5 38. Kxc5 e4 39. Kd4 Kb6 40. Kxe4 Kb5 41. Ke5 Ka4 42. Kf6 Kxa3 43. Kg7 Kb3 44. Kxh7 Kc3 45. Kxg6 Kd3 46. h4 1-0

[Event "Tromsoe Bymesterskap-B"]
[Site "Tromsoe"]
[Date "2007.03.27"]
[Round "7"]
[White "Storslett, Roald"]
[Black "Tveiten, David"]
[Result "1/2-1/2"]
[WhiteElo "1194"]
[BlackElo "897"]
[PlyCount "106"]
[EventDate "2007.01.16"]
[EventType "swiss"]
[EventRounds "7"]
[EventCountry "NOR"]
[SourceTitle "EXT 2010"]
[Source "ChessBase"]
[SourceDate "2010.11.25"]
[SourceVersion "1"]
[SourceVersionDate "2010.11.25"]
[SourceQuality "1"]

1. d4 d5 2. c4 e6 3. Nc3 Nf6 4. a3 h6 5. Nf3 Nc6 6. Bf4 Be7 7. e3 0-0 8. cxd5 exd5 9. Be2 Bf5 10. 0-0 Bd6 11. Bxd6 Qxd6 12. Rc1 Ng4 13. h3 Nf6 14. Nh4 Be6 15. Qc2 a6 16. Nf5 Qd7 17. Ng3 Ne7 18. Na4 Ne8 19. Nc5 Qc8 20. Nxe6 Qxe6 21. Qb3 b5 22. Rc2 Rc8 23. Rfc1 Qb6 24. Bf3 Nf6 25. Rc5 Rfd8 26. Qc2 c6 27. Nf5 Nxf5 28. Qxf5 Qb7 29. b4 Rd6 30. Qf4 Qd7 31. Bd1 Ne4 32. R5c2 Rf6 33. Qh2 Nd6 34. Bg4 Nf5 35. f3 g6 36. e4 dxe4 37. Qe5 Qxd4+ 38. Qxd4 Nxd4 39. Bxc8 Nxc2 40. Rxc2 exf3 41. gxf3 Rxf3 42. Ra2 Kf8 43. Kg2 Rd3 44. Bxa6 Ke7 45. a4 Rb3 46. axb5 cxb5 47. Bxb5 Rxb4 48. Bc6 g5 49. Ra8 h5 50. Rh8 g4 51. Rg8 Rf4 52. Bf3 Ke6 53. Bxg4+ Ke5 1/2-1/2

[Event "Tromsoe Bymesterskap-B"]
[Site "Tromsoe"]
[Date "2007.03.13"]
[Round "6"]
[White "Tveiten, David"]
[Black "Remman, Stein Borre"]
[Result "1-0"]
[WhiteElo "897"]
[BlackElo "1104"]
[PlyCount "97"]
[EventDate "2007.01.16"]
[EventType "swiss"]
[EventRounds "7"]
[EventCountry "NOR"]
[SourceTitle "EXT 2010"]
[Source "ChessBase"]
[SourceDate "2010.11.25"]
[SourceVersion "1"]
[SourceVersionDate "2010.11.25"]
[SourceQuality "1"]

1. e4 d5 2. exd5 Nf6 3. c4 e6 4. dxe6 Bxe6 5. Nf3 Be7 6. d4 c6 7. Nc3 0-0 8. Bd3 Bg4 9. Be3 Nbd7 10. h3 Bh5 11. 0-0 Qc7 12. Be2 c5 13. Qd2 cxd4 14. Bxd4 Bxf3 15. Bxf3 Ne5 16. Bxe5 Qxe5 17. Bxb7 Bd6 18. g3 Rad8 19. Rfe1 Qh5 20. Bg2 Bxg3 21. Qe2 Qc5 22. Qe3 Qxe3 23. Rxe3 Bf4 24. Re7 Rd7 25. Rxd7 Nxd7 26. Rd1 Ne5 27. Nd5 Bh6 28. Rd4 Kh8 29. c5 g6 30. f4 Nc6 31. Rc4 Bg7 32. b4 Re8 33. b5 Bd4+ 34. Kf1 Bxc5 35. Rxc5 Nd4 36. a4 Nb3 37. Rc7 Nd2+ 38. Kg1 Re1+ 39. Kf2 Rd1 40. Rxa7 Nb3 41. b6 Nc5 42. b7 Rd2+ 43. Kf1 Rd1+ 44. Kf2 Rd2+ 45. Kg3 Rd3+ 46. Kh2 Rb3 47. Ne7 Rb2 48. Ra8+ Kg7 49. b8Q 1-0

[Event "Tromsoe Bymesterskap-B"]
[Site "Tromsoe"]
[Date "2007.01.16"]
[Round "1"]
[White "Jernberg, Karl Petter"]
[Black "Tveiten, David"]
[Result "0-1"]
[WhiteElo "867"]
[BlackElo "897"]
[PlyCount "82"]
[EventDate "2007.01.16"]
[EventType "swiss"]
[EventRounds "7"]
[EventCountry "NOR"]
[SourceTitle "EXT 2010"]
[Source "ChessBase"]
[SourceDate "2010.11.25"]
[SourceVersion "1"]
[SourceVersionDate "2010.11.25"]
[SourceQuality "1"]

1. d4 d5 2. c4 e6 3. Nc3 Nf6 4. Bg5 Nc6 5. Nf3 Be7 6. e3 b6 7. Bd3 0-0 8. 0-0 Bb7 9. Rc1 Rc8 10. a3 Re8 11. Re1 h6 12. Bxf6 Bxf6 13. cxd5 exd5 14. Bb1 Ne7 15. Qd3 g6 16. e4 c5 17. e5 Bg7 18. dxc5 Rxc5 19. h3 Nc6 20. Rcd1 Nxe5 21. Nxe5 Bxe5 22. Qd2 Kg7 23. Na4 Rc4 24. b4 Qh4 25. Rf1 d4 26. Bd3 Rc7 27. f4 Bd6 28. Qb2 Qf6 29. Bb5 Re4 30. Qf2 Bxf4 31. Bd3 Be3 32. Bxe4 Bxe4 33. Rde1 Bxf2+ 34. Rxf2 Qc6 35. Nb2 Qd5 36. Nd1 Re7 37. g4 Qb3 38. Kh2 Qd3 39. Nb2 Qc3 40. a4 Qc7+ 41. Kg1 Qg3+ 0-1

[Event "Harstad op-B"]
[Site "Harstad"]
[Date "2006.10.15"]
[Round "4"]
[White "Bjerring, Dennis"]
[Black "Tveiten, David"]
[Result "0-1"]
[WhiteElo "824"]
[BlackElo "840"]
[PlyCount "52"]
[EventDate "2006.10.13"]
[EventType "swiss"]
[EventRounds "5"]
[EventCountry "NOR"]
[SourceTitle "EXT 2008"]
[Source "ChessBase"]
[SourceDate "2007.11.25"]
[SourceVersion "1"]
[SourceVersionDate "2007.11.25"]
[SourceQuality "1"]

1. d4 Nf6 2. c4 g6 3. Nf3 Bg7 4. Nc3 d6 5. e4 0-0 6. Bd3 c6 7. Be3 Re8 8. 0-0 Nbd7 9. Bf4 e5 10. Be3 exd4 11. Bxd4 Ne5 12. Bxe5 dxe5 13. Be2 Be6 14. Qxd8 Raxd8 15. Nxe5 Nxe4 16. Nxe4 Bxe5 17. f3 f5 18. Nf2 Rd2 19. Rfe1 Bf7 20. Kf1 Bxh2 21. Rab1 Rdxe2 22. Ne4 fxe4 23. Rxe2 Bxc4 24. Rbe1 Bg3 25. Kg1 Bxe2 26. fxe4 Bxe1 0-1

[Event "NOR-chT north"]
[Site "Harstad"]
[Date "2006.01.29"]
[Round "5"]
[White "Tveiten, David"]
[Black "Rolvag, Birk Anders"]
[Result "0-1"]
[WhiteElo "761"]
[BlackElo "1274"]
[PlyCount "100"]
[EventDate "2006.01.27"]
[EventType "team"]
[EventRounds "5"]
[EventCountry "NOR"]
[SourceTitle "EXT 2008"]
[Source "ChessBase"]
[SourceDate "2007.11.25"]
[SourceVersion "1"]
[SourceVersionDate "2007.11.25"]
[SourceQuality "1"]

1. c4 c5 2. Nc3 Nc6 3. g3 g6 4. Bg2 Bg7 5. e4 d6 6. Nge2 Nf6 7. d3 0-0 8. Be3 Bd7 9. 0-0 Rb8 10. a4 a6 11. b3 Nb4 12. Rb1 Ng4 13. h3 Ne5 14. d4 cxd4 15. Bxd4 Qc8 16. g4 Nbc6 17. Nd5 Nxd4 18. Nxd4 Qd8 19. f4 Nc6 20. Nxc6 bxc6 21. Ne3 Qb6 22. Re1 Rb7 23. Qd3 Rfb8 24. Kf2 Qa7 25. Re2 Rb4 26. Ra2 Qb7 27. Ra3 Qb6 28. Kf3 Qc7 29. Nc2 R4b7 30. h4 Qc8 31. f5 a5 32. Bh3 c5 33. Kf4 Be5+ 34. Kf3 Bg7 35. Kf4 Be5+ 36. Kf3 Bg7 37. Qd5 Bc6 38. Qd3 Rb6 39. Ne3 Rb4 40. Nc2 R4b6 41. Ke3 R8b7 42. Ne1 Qb8 43. Bg2 Be5 44. Nc2 Bxa4 45. Rxa4 Rxb3 46. Rxb3 Rxb3 47. Rxa5 Rxd3+ 48. Kxd3 Qb3+ 49. Kd2 Qc3+ 50. Kd1 Qxa5 0-1

[Event "NOR-chT north"]
[Site "Harstad"]
[Date "2006.01.29"]
[Round "4"]
[White "Weinberger, Simon"]
[Black "Tveiten, David"]
[Result "1-0"]
[WhiteElo "2008"]
[BlackElo "761"]
[PlyCount "79"]
[EventDate "2006.01.27"]
[EventType "team"]
[EventRounds "5"]
[EventCountry "NOR"]
[SourceTitle "EXT 2008"]
[Source "ChessBase"]
[SourceDate "2007.11.25"]
[SourceVersion "1"]
[SourceVersionDate "2007.11.25"]
[SourceQuality "1"]

1. e4 c5 2. Nf3 d6 3. d4 cxd4 4. Nxd4 Nf6 5. Nc3 g6 6. Be3 Bg7 7. f3 0-0 8. Qd2 e5 9. Ndb5 a6 10. Nxd6 Nc6 11. 0-0-0 b5 12. Nxc8 Rxc8 13. Be2 Re8 14. Qxd8 Rexd8 15. Rxd8+ Rxd8 16. Rd1 Rb8 17. Rd6 Rc8 18. a4 Bf8 19. Rxf6 Be7 20. Rxc6 Rxc6 21. axb5 axb5 22. Bxb5 Rc7 23. Nd5 Rb7 24. Bc6 Rb8 25. Nxe7+ Kg7 26. Nd5 Rc8 27. Bb5 Rb8 28. Bd3 Ra8 29. Kb1 h5 30. h4 f6 31. b4 Rf8 32. Kb2 f5 33. c4 f4 34. Bc5 Rc8 35. Bd6 Re8 36. c5 Kf7 37. Bc4 Rh8 38. Bxe5 Rd8 39. Bxf4 Rb8 40. Kb3 1-0

[Event "NOR-chT north"]
[Site "Harstad"]
[Date "2006.01.28"]
[Round "2"]
[White "Tveiten, David"]
[Black "Willumsen, Kaj Roger"]
[Result "0-1"]
[WhiteElo "761"]
[BlackElo "1481"]
[PlyCount "98"]
[EventDate "2006.01.27"]
[EventType "team"]
[EventRounds "5"]
[EventCountry "NOR"]
[SourceTitle "EXT 2008"]
[Source "ChessBase"]
[SourceDate "2007.11.25"]
[SourceVersion "1"]
[SourceVersionDate "2007.11.25"]
[SourceQuality "1"]

1. e4 e5 2. Nf3 Nf6 3. Nc3 Nc6 4. Bc4 Be7 5. 0-0 0-0 6. b3 d6 7. Bb2 Bg4 8. h3 Bh5 9. Re1 Nd4 10. g4 Bg6 11. Nxd4 exd4 12. Nd5 Nxd5 13. Bxd5 c6 14. Bc4 Bf6 15. f4 h6 16. c3 Qb6 17. f5 dxc3+ 18. Kg2 cxb2 19. Rb1 Bh7 20. d3 Qd4 21. Re2 b5 22. Rbxb2 bxc4 23. bxc4 Rab8 24. Rbc2 Rb7 25. Red2 Rfb8 26. Qe2 Rb2 27. Kf3 Rxc2 28. Rxc2 Rb2 29. a4 Rxc2 30. Qxc2 Qc3 31. Qe2 Bd4 32. h4 Qb2 33. Qxb2 Bxb2 34. g5 hxg5 35. hxg5 Kf8 36. Kf4 Be5+ 37. Kg4 f6 38. gxf6 gxf6 39. Kf3 Ke7 40. Kg4 Bg8 41. Kf3 Kd7 42. Ke2 Kc7 43. Kd2 Kb6 44. Kc2 Ka5 45. Kb3 Bf7 46. Ka3 Bh5 47. Kb3 Be2 48. Kc2 Kxa4 49. Kd2 a5 0-1